000 01063nam a2200325 i 4500
003 EG-GICUC
005 20260421131350.0
008 260418s1956 fr |||fr|||| 00| 0 fre d
040 _aEG-GiCUC
_bfre
_cEG-GiCUC
_dEG-GiCUC
_eRda
082 0 4 _221
_a343.1
_bGA . C
092 0 4 _221
099 _aLaw1 10 343.1 GA . C 1956
100 1 _aGarcon, emile
_eAuteur
245 1 0 _aCode penal annote
_nTome deuxieme /
_cPar Emile Garcon.
_p(Art. 295 a 401)
250 _bNouvelle Edition Refondue Et Mise A Jour
264 1 _aParis :
_bLibrairie Sirey,
_c1956.
300 _a814 page ;
_c 24 cm.
336 _2rda contenu
_a texte
337 _2rda medias
_aOrdinateur
338 _2 transporteur rda
_a Ressource en ligne
546 _aTexte en français
650 1 _aDroit pénal général
_2qrmak
651 1 _2qrmak
700 1 _aRousselet, Marcel
_eCo-Auteur
700 1 _aPatin, Maurice
_eCo-Auteur
700 1 _aAncel, Marc
_eCo-Auteur
856 4 0 _uhttps://fll.law.cu.edu.eg/fulltext/bks/B10-10242.pdf
905 _a161
942 _2ddc
_cBK
_e21
_n0
999 _c71571
_d71571